The World's 50 Largest Cities by Letter - R - Statistics

General Stats
  • This quiz has been taken 1,152 times
  • The average score is 16 of 50
Answers on the Map
Answers color-coded by a green-red scale on the quiz's map according to % correct below.
 
Answer Stats
# Population Country Urban Area % Correct
1 13,100,171 Brazil Rio de Janeiro
99%
4 3,684,930 Italy Rome
98%
2 8,186,401 Saudi Arabia Riyadh
97%
6 2,227,167 Morocco Rabat
96%
5 3,592,389 Netherlands Rotterdam
96%
19 762,194 Latvia Riga
92%
8 1,846,256 United States Raleigh
84%
3 3,960,815 Brazil Recife
79%
13 1,163,828 United States Richmond
79%
12 1,349,583 Russia Rostov-on-Don
73%
15 867,259 United States Rochester
69%
11 1,505,589 Argentina Rosario
69%
26 614,623 France Rennes
66%
24 665,460 France Rouen
57%
36 495,983 United States Reading
51%
37 463,722 United Kingdom Reading
51%
38 446,529 United States Reno
49%
41 407,753 United States Rockford
31%
32 534,285 Russia Ryazan
31%
10 1,602,269 India Rajkot
29%
9 1,717,615 India Raipur
27%
45 384,409 Poland Rzeszów
22%
7 1,861,979 India Ranchi
21%
17 837,251 Mexico Reynosa
21%
50 363,856 Germany Reutlingen
14%
48 374,110 Brazil Rio Branco
14%
22 708,029 China Rizhao
14%
31 547,344 Poland Rybnik
14%
39 444,130 Argentina Resistencia
11%
21 708,534 Bangladesh Rangpur
10%
23 679,995 Iran Rasht
10%
16 861,177 Brazil Ribeirão Preto
10%
14 1,094,832 Bangladesh Rajshahi
9%
43 391,014 Chile Rancagua
7%
30 556,716 India Rampur
5%
34 506,011 Iraq Ramadi
4%
25 627,665 Sudan Rabak - Kosti
3%
20 748,593 Pakistan Rahim Yar Khan
3%
46 378,174 India Rewa
3%
29 581,093 India Rohtak
3%
18 792,780 India Rourkela
3%
33 510,631 India Rae Bareli
2%
28 607,771 India Rajahmundry
2%
47 376,311 India Ratlam
2%
35 504,012 India Roorkee
2%
49 373,506 India Rudrapur
2%
40 416,744 India Raiganj
1%
42 394,591 India Rajapalayam
1%
44 388,790 Indonesia Rangkasbitung
1%
27 611,540 China Renqiu
1%
No matching quizzes found
Score Distribution
Percent of People with Each Score
Percentile by Number Answered
Your Score History
You have not taken this quiz